Premierminister des Vereinigten Königreiches - Statistiken

Allgemein
  • Dieses Quiz wurde 2.487 mal gespielt
    1.358 seit der letzten Aktualisierung
  • Das Durchschnittsergebnis liegt bei 13 aus 58
Antwortstatistiken
Zeit Partei Premierminister % Korrekt
2019–2022 Konservativ Boris Johnson
88%
1979–1990 Konservativ Margaret Thatcher
79%
1940–1945, 1951–1955 Konservativ Winston Churchill
79%
2016–2019 Konservativ Theresa May
74%
2022–2024 Konservativ Rishi Sunak
65%
1997–2007 Labour Tony Blair
62%
2010–2016 Konservativ David Cameron
58%
2024- Labour Keir Starmer
54%
2022 Konservativ Liz Truss
54%
2007–2010 Labour Gordon Brown
41%
1937–1940 Konservativ Neville Chamberlain
36%
1990–1997 Konservativ John Major
30%
1852, 1858–1859, 1866–1868 Konservativ Earl of Derby
27%
1945–1951 Labour Clement Attlee
23%
1964–1970, 1974–1976 Labour Harold Wilson
23%
1955–1957 Konservativ Anthony Eden
20%
1868, 1874–1880 Konservativ Benjamin Disraeli
19%
1916–1922 Liberal David Lloyd George
18%
1970–1974 Konservativ Edward Heath
17%
1766–1768 Whig William Pitt the Elder
17%
1783–1801, 1804–1806 Tory William Pitt the Younger
17%
1828–1830, 1834 Tory Duke of Wellington
16%
1957–1963 Konservativ Harold Macmillan
15%
1852–1855 Peeliten Earl of Aberdeen
14%
1830–1834 Whig Earl Grey
13%
1976–1979 Labour James Callaghan
13%
1924, 1929–1935 Labour/National Labour Ramsay MacDonald
13%
1721–1742 Whig Sir Robert Walpole
13%
1923–1924, 1924–1929, 1935–1937 Konservativ Stanley Baldwin
13%
1868–1874, 1880–1885, 1886, 1892–1894 Liberal William Gladstone
13%
1963–1964 Konservativ Alec Douglas-Home
12%
1754–1756, 1757–1762 Whig Duke of Newcastle
12%
1812–1827 Tory Lord Liverpool
12%
1834, 1835–1841 Whig Lord Melbourne
12%
1834–1835, 1841–1846 Konservativ Robert Peel
12%
1902–1905 Konservativ Arthur Balfour
11%
1908–1916 Liberal Herbert Asquith
11%
1855–1858, 1859–1865 Liberal/Whig Lord Palmerston
11%
1922–1923 Konservativ Andrew Bonar Law
10%
1762–1763 Tory Earl of Bute
10%
1905–1908 Liberal Henry Campbell- Bannerman
10%
1770–1782 Tory Lord Frederick North
10%
1765–1766, 1782 Whig Marquess of Rockingham
10%
1885–1886, 1886–1892, 1895–1902 Konservativ Marquess of Salisbury
10%
1756–1757 Whig Duke of Devonshire
9%
1783, 1807–1809 Tory Duke of Portland
9%
1894–1895 Liberal Earl of Rosebery
9%
1742–1743 Whig Earl of Wilmington
9%
1763–1765 Whig George Grenville
9%
1743–1754 Whig Henry Pelham
9%
1806–1807 Whig Lord Grenville
9%
1846–1852, 1865–1866 Liberal/Whig Lord John Russell
9%
1809–1812 Tory Spencer Perceval
9%
1768–1770 Whig Duke of Grafton
8%
1782–1783 Whig Earl of Shelburne
8%
1827 Tory George Canning
8%
1801–1804 Tory Henry Addington
8%
1827–1828 Tory Viscount Goderich
8%
Keine übereinstimmenden Quizze gefunden
Verteilung der Resultate
Anzahl Personen mit jedem Resultat
Perzentil nach korrekt beantworteten Fragen
Ihre Resultats-Entwicklung
Sie haben dieses Quiz seit der letzten Aktualisierung nicht gespielt